Tilastot visalle Eteläisimmät valtiot maanosittain

Klikkaa tästä pelataksesi tätä visaa!

Yleistilastot

  • Tätä visaa on pelattu 726 kertaa
  • Keskiarvotulos 25 / 30

Vastaustilastot

MaanosaLeveyspiiriValtio% Oikein
Eurooppa35°30' NItalia
98%
Eurooppa36°00' NEspanja
97%
Afrikka46°59' SEtelä-Afrikka
97%
Eurooppa34°49' NKreikka
97%
Etelä-Amerikka55°04' SArgentiina
95%
Etelä-Amerikka56°30' SChile
95%
Oseania54°47' SAustralia
94%
Eurooppa36°57' NPortugali
94%
Oseania52°37' SUusi-Seelanti
93%
Eurooppa35°47' NMalta
92%
Aasia11°00' SIndonesia
91%
Etelä-Amerikka33°45' SBrasilia
89%
Etelä-Amerikka27°36' SParaguay
88%
Etelä-Amerikka35°02' SUruguay
88%
Pohjois-Amerikka7°11' NPanama
85%
Afrikka30°40' SLesotho
82%
Aasia0°51' NMalesia
81%
Afrikka28°58' SNamibia
80%
Afrikka26°54' SSwazimaa
78%
Aasia1°09' NSingapore
76%
Afrikka26°52' SBotswana
72%
Aasia9°30' SItä-Timor
72%
Pohjois-Amerikka5°31' NCosta Rica
71%
Oseania21°02' SFidži
68%
Pohjois-Amerikka10°43' NNicaragua
66%
Oseania22°21' STonga
66%
Oseania20°15' SVanuatu
66%
Pohjois-Amerikka10°02' NTrinidad ja Tobago
65%
Aasia0°42' SMalediivit
61%
Pohjois-Amerikka11°59' NGrenada
55%

Tulosjakauma

Persentiili vastausten määrän mukaan

Jokaisen tuloksen saaneiden osuus

Tuloshistoriasi

Et ole pelannut tätä visaa